| 000 | 00622nam a22002417a 4500 | ||
|---|---|---|---|
| 003 | OSt | ||
| 005 | 20180116183003.0 | ||
| 008 | 150529b xxu||||| |||| 00| 0 eng d | ||
| 020 | _a9789698535186 | ||
| 022 | _a9789698535186 | ||
| 040 | _c0 | ||
| 050 | _a923.2549 | ||
| 082 | _a923.2549 | ||
| 100 | _aBazmi,Aslam | ||
| 245 |
_aOur Quaid. _bAs Remembered and Reported. _cAslam Bazmi |
||
| 250 | _a1st. | ||
| 260 |
_aIslamabad. _bNational University of Sciences and Technology. _c2014 |
||
| 300 | _a166p. | ||
| 500 | _aHard Cover | ||
| 600 | _aBazmi,Aslam | ||
| 700 | _aBazmi,Aslam | ||
| 942 |
_2ddc _cBK _k923.2549 |
||
| 999 |
_c349920 _d349920 |
||